[Event "IX Floripa Chess Open Fort Atacadista"]
[Site "Florianópolis - Santa Catari"]
[Date "2023.01.27"]
[Round "8.113"]
[White "Weise, William Ferreira"]
[Black "De Melo, Jailson Jose"]
[Result "1-0"]
[WhiteElo "1856"]
[BlackElo "1929"]
[PlyCount "61"]
[EventDate "2023.01.23"]
[EventRounds "10"]
[EventCountry "BRA"]

1. e4 c5 2. Nf3 d6 3. d4 cxd4 4. Nxd4 Nf6 5. Nc3 g6 6. Be3 Bg7 7. f3 Nc6 8. Qd2
O-O 9. O-O-O Nxd4 10. Bxd4 Be6 11. g4 Qa5 12. Kb1 Rfc8 13. Nd5 Qxd2 14. Rxd2
Nxd5 15. Bxg7 Kxg7 16. exd5 Bd7 17. h4 h6 18. Bd3 Kf6 19. Re1 g5 20. Rh2 e5 21.
dxe6 Bxe6 22. hxg5+ hxg5 23. Rh6+ Ke7 24. Be4 Rab8 25. Bd5 Rh8 26. Rxh8 Rxh8
27. Bxb7 Kf6 28. b3 d5 29. Ba6 Rh3 30. Be2 Ke5 31. Bf1+ 1-0

[Event "IX Floripa Chess Open Fort Atacadista"]
[Site "Florianópolis - Santa Catari"]
[Date "2023.01.27"]
[Round "8.115"]
[White "Mariano, Marceley Martins"]
[Black "Matos, Alexandre De"]
[Result "1-0"]
[WhiteElo "2089"]
[BlackElo "1871"]
[PlyCount "63"]
[EventDate "2023.01.23"]
[EventRounds "10"]
[EventCountry "BRA"]

1. e4 c5 2. Nf3 g6 3. d4 cxd4 4. Qxd4 Nf6 5. e5 Nc6 6. Qa4 Nd5 7. c4 Nb6 8. Qb3
d6 9. exd6 Qxd6 10. a3 Bg7 11. Be3 Nd7 12. Nc3 Nc5 13. Bxc5 Qxc5 14. Be2 O-O
15. O-O Bxc3 16. Qxc3 b6 17. b4 Qf5 18. Bd3 Qf4 19. Rfe1 Be6 20. Re4 Qf6 21.
Qxf6 exf6 22. Rc1 Rfd8 23. Be2 a5 24. b5 Ne5 25. Nxe5 fxe5 26. Rxe5 Rac8 27. c5
bxc5 28. Rexc5 Rxc5 29. Rxc5 Rd2 30. Bf1 Rd1 31. f3 Ra1 32. b6 1-0

[Event "IX Floripa Chess Open Fort Atacadista"]
[Site "Florianópolis - Santa Catari"]
[Date "2023.01.27"]
[Round "8.116"]
[White "Dias, Anderson Tatsch"]
[Black "Pavoni, Felipe Stevanin"]
[Result "1-0"]
[WhiteElo "2087"]
[BlackElo "1674"]
[PlyCount "81"]
[EventDate "2023.01.23"]
[EventRounds "10"]
[EventCountry "BRA"]

1. d4 Nf6 2. c4 g6 3. f3 Bg7 4. e4 d6 5. Nc3 O-O 6. Be3 e5 7. Nge2 Nc6 8. d5
Ne7 9. Qd2 Ne8 10. O-O-O f5 11. c5 dxc5 12. Bxc5 b6 13. Bg1 Nd6 14. Kb1 a5 15.
Nc1 Qe8 16. Bd3 b5 17. Nb3 b4 18. Ne2 Nb7 19. Rc1 fxe4 20. fxe4 c6 21. dxc6 Nd6
22. Bc5 Rf6 23. Bxd6 Rxd6 24. Bc4+ Re6 25. Qd6 Kf7 26. Rhf1+ Bf6 27. Rxf6+ Kxf6
28. Rf1+ Nf5 29. Bxe6 Qxe6 30. Qf8+ Kg5 31. exf5 Qc4 32. Qd8+ Kh6 33. Qd2+ Kg7
34. f6+ Kf7 35. Qd6 Ra7 36. Ng3 a4 37. Nd2 Qg4 38. c7 Qe6 39. Nc4 Ra6 40. Nxe5+
Kg8 41. Qd8+ 1-0

[Event "IX Floripa Chess Open Fort Atacadista"]
[Site "Florianópolis - Santa Catari"]
[Date "2023.01.27"]
[Round "8.117"]
[White "Arruda Filho, Ivo Pereira De"]
[Black "Fischer, Ivo Lucio"]
[Result "0-1"]
[WhiteElo "1669"]
[BlackElo "1926"]
[PlyCount "94"]
[EventDate "2023.01.23"]
[EventRounds "10"]
[EventCountry "BRA"]

1. Nf3 c5 2. c4 Nc6 3. Nc3 g6 4. b3 Bg7 5. Bb2 e6 6. e3 Nge7 7. Be2 O-O 8. O-O
d5 9. cxd5 exd5 10. d4 cxd4 11. Nxd4 Nxd4 12. exd4 Nc6 13. Bf3 Nxd4 14. Bxd5
Qa5 15. Bc4 Rd8 16. Nd5 Rxd5 17. Bxd5 Qxd5 18. Bxd4 Qxd4 19. Qf3 Qb4 20. Rac1
Qb6 21. Qf4 Be6 22. Qc7 Qxc7 23. Rxc7 Bd5 24. Rd1 Re8 25. Rd7 Bc6 26. Rd8 Kf8
27. f3 Rxd8 28. Rxd8+ Ke7 29. Rd2 h5 30. Kf2 Bf8 31. g3 Ke6 32. h3 Bc5+ 33. Kg2
a6 34. Rd1 Be7 35. Kf2 h4 36. g4 Bc5+ 37. Kg2 Bd6 38. Rd3 Bf4 39. Rd1 Bd6 40.
Rd2 f5 41. Re2+ Kf6 42. Re3 fxg4 43. hxg4 Bf4 44. Rd3 g5 45. Rc3 Bb5 46. Rc8
h3+ 47. Kh1 Bc6 0-1

[Event "IX Floripa Chess Open Fort Atacadista"]
[Site "Florianópolis - Santa Catari"]
[Date "2023.01.27"]
[Round "8.119"]
[White "Duailibi, Ricardo Miguel"]
[Black "Gomes, Maria Eduarda Papin"]
[Result "0-1"]
[WhiteElo "1885"]
[BlackElo "1664"]
[PlyCount "84"]
[EventDate "2023.01.23"]
[EventRounds "10"]
[EventCountry "BRA"]

1. e4 d5 2. exd5 Qxd5 3. Nc3 Qa5 4. d4 c6 5. Nf3 Bf5 6. Bd2 Qc7 7. g3 Nf6 8.
Bg2 e6 9. Qe2 Bd6 10. O-O-O Nbd7 11. Nh4 Bg4 12. f3 Bh5 13. Nf5 O-O 14. Nxd6
Qxd6 15. Bf4 Qb4 16. h4 Bg6 17. g4 h5 18. Ne4 Bxe4 19. fxe4 Nxg4 20. e5 c5 21.
Bf3 cxd4 22. Bxg4 d3 23. Qe3 hxg4 24. Rxd3 Nc5 25. Rd4 Qa5 26. a3 Qb5 27. Rg1
Rac8 28. Kb1 Na4 29. Rb4 Qc6 30. Qf2 a5 31. Rb3 Nc5 32. Re3 Rfd8 33. Qg3 Ne4
34. Qxg4 Qxc2+ 35. Ka1 g6 36. Ree1 Nc5 37. Rg2 Nb3+ 38. Ka2 Qc4 39. Kb1 Rd4 40.
Rf2 Qd3+ 41. Ka2 Nc1+ 42. Ka1 Qb3 0-1

[Event "IX Floripa Chess Open Fort Atacadista"]
[Site "Florianópolis - Santa Catari"]
[Date "2023.01.27"]
[Round "8.120"]
[White "Silva, Janderson Rossi Da"]
[Black "Reis, Virginia Lagrange M"]
[Result "1/2-1/2"]
[WhiteElo "1883"]
[BlackElo "1652"]
[PlyCount "120"]
[EventDate "2023.01.23"]
[EventRounds "10"]
[EventCountry "BRA"]

1. e4 c5 2. c3 Nc6 3. d4 cxd4 4. cxd4 d5 5. e5 g6 6. Bb5 Bg7 7. Nc3 e6 8. Nf3
Nge7 9. h4 h5 10. Bg5 Bd7 11. O-O Qb6 12. Ba4 a6 13. Qd2 Nf5 14. Rfd1 O-O 15.
Bc2 Nce7 16. Ne2 f6 17. exf6 Bxf6 18. Bxf6 Rxf6 19. Ne5 Bb5 20. a4 Be8 21. a5
Qd6 22. Bxf5 Nxf5 23. Rac1 Ba4 24. Re1 Raf8 25. Qg5 Kh7 26. Rc3 Bb5 27. Nf4 Ne7
28. Nh3 Be8 29. Qc1 Nc6 30. Nxc6 Bxc6 31. f4 Kg7 32. Rce3 Bd7 33. g3 Rc8 34.
Rc3 Bc6 35. Ng5 Re8 36. Rce3 Bd7 37. Qd2 Bb5 38. Rc1 Bc6 39. Nf3 Rc8 40. Ne5
Rff8 41. Qc2 Rf6 42. Rc3 Qb4 43. Nxc6 bxc6 44. Qd3 Qxa5 45. Rxc6 Rxc6 46. Rxc6
Qa1+ 47. Qf1 Qxb2 48. Qxa6 Qxd4+ 49. Kh2 Qf2+ 50. Kh3 Qg1 51. Rc2 Qh1+ 52. Rh2
Qf3 53. Rc2 Kh6 54. Qa1 Qg4+ 55. Kg2 Qf5 56. Rc7 Qe4+ 57. Kh2 d4 58. Qa7 Qe2+
59. Kg1 Qe1+ 60. Kg2 Qe2+ 1/2-1/2

[Event "IX Floripa Chess Open Fort Atacadista"]
[Site "Florianópolis - Santa Catari"]
[Date "2023.01.27"]
[Round "8.121"]
[White "Pereira Junior, Ignacio Marrero"]
[Black "Karoly, Carlos Acacio Gomes"]
[Result "1/2-1/2"]
[WhiteElo "1665"]
[BlackElo "1877"]
[PlyCount "70"]
[EventDate "2023.01.23"]
[EventRounds "10"]
[EventCountry "BRA"]

1. e4 c5 2. Nf3 e6 3. d4 cxd4 4. Nxd4 a6 5. c4 Nf6 6. Nc3 Qc7 7. Be2 b6 8. O-O
Bb7 9. Bd3 d6 10. Be3 Nbd7 11. f3 Be7 12. Rc1 O-O 13. b3 Rac8 14. Qe2 Rfe8 15.
Bb1 Qb8 16. Kh1 g6 17. Qf2 Qa8 18. Nde2 d5 19. exd5 exd5 20. Nxd5 Nxd5 21. cxd5
Bxd5 22. Rcd1 Bc5 23. Bxc5 Nxc5 24. Nf4 Bb7 25. Kg1 Rcd8 26. h4 Qb8 27. Nh3 a5
28. h5 Rxd1 29. Rxd1 Qe5 30. hxg6 hxg6 31. Qd2 Kg7 32. Kf2 Qf6 33. Qf4 Qb2+ 34.
Qd2 Qf6 35. Qf4 Qb2+ 1/2-1/2

[Event "IX Floripa Chess Open Fort Atacadista"]
[Site "Florianópolis - Santa Catari"]
[Date "2023.01.27"]
[Round "8.122"]
[White "Pimenta, Elisandro Da Silva"]
[Black "Do Carmo, Gabriel Carckeno"]
[Result "1-0"]
[WhiteElo "1855"]
[BlackElo "1651"]
[PlyCount "41"]
[EventDate "2023.01.23"]
[EventRounds "10"]
[EventCountry "BRA"]

1. e4 e6 2. d4 d5 3. Nc3 Nf6 4. e5 Nfd7 5. f4 c5 6. Nf3 Nc6 7. Be3 Qb6 8. Qd2
Qxb2 9. Rb1 Qa3 10. Be2 c4 11. Nb5 Qxa2 12. O-O Qa5 13. Qxa5 Nxa5 14. Nc7+ Kd8
15. Nxa8 b6 16. Ng5 Ke7 17. Bc1 Bb7 18. Nc7 a6 19. Ba3+ Kd8 20. Ncxe6+ fxe6 21.
Nxe6+ 1-0

[Event "IX Floripa Chess Open Fort Atacadista"]
[Site "Florianópolis - Santa Catari"]
[Date "2023.01.27"]
[Round "8.123"]
[White "Messias, Jose Vitor Lamosa P"]
[Black "Rodrigues, Nei Jorge"]
[Result "0-1"]
[WhiteElo "1661"]
[BlackElo "1845"]
[PlyCount "100"]
[EventDate "2023.01.23"]
[EventRounds "10"]
[EventCountry "BRA"]

1. e4 c5 2. Nf3 g6 3. d4 cxd4 4. Nxd4 Bg7 5. Nc3 Nc6 6. Be3 Nf6 7. f3 O-O 8.
Qd2 d5 9. Nxc6 bxc6 10. O-O-O Be6 11. e5 Nd7 12. Bh6 Nxe5 13. Bxg7 Kxg7 14. Qd4
f6 15. f4 Nd7 16. Qe3 Bf7 17. h4 e5 18. h5 d4 19. Qh3 f5 20. hxg6 Bxg6 21. Qh6+
Kf7 22. Bc4+ Ke8 23. Rxd4 Qf6 24. fxe5 Qxe5 25. Rhd1 Nc5 26. b4 Ne4 27. Nxe4
fxe4 28. Kb1 Qe7 29. Rd6 Rf6 30. Qd2 Rxd6 31. Qxd6 Rc8 32. Qxe7+ Kxe7 33. Ba6
Rb8 34. a3 Rb6 35. Bc8 a5 36. c3 Rb8 37. Ba6 axb4 38. axb4 Ke6 39. Bc4+ Ke5 40.
Kc1 e3 41. Re1 Ke4 42. Kb2 Rd8 43. Kc1 Bh5 44. Be2 Bxe2 45. Rxe2 Kd3 46. Re1
Re8 47. Kb2 Kd2 48. Rc1 e2 49. Rc2+ Ke1 50. c4 Kf1 0-1

[Event "IX Floripa Chess Open Fort Atacadista"]
[Site "Florianópolis - Santa Catari"]
[Date "2023.01.27"]
[Round "8.124"]
[White "Martins, Giovanni Custodio"]
[Black "Ribeiro, Regina"]
[Result "0-1"]
[WhiteElo "1658"]
[BlackElo "1842"]
[PlyCount "41"]
[EventDate "2023.01.23"]
[EventRounds "10"]
[EventCountry "BRA"]

1. e4 c6 2. d4 d5 3. f3 dxe4 4. fxe4 e5 5. Nf3 exd4 6. Qxd4 Qxd4 7. Nxd4 Nf6 8.
Nc3 Bb4 9. Bc4 O-O 10. Bd2 Bxc3 11. Bxc3 Nxe4 12. Bb4 c5 13. Nb5 Nc6 14. Ba3
Bf5 15. Rf1 Bg6 16. O-O-O a6 17. Nd6 Na5 18. Bxf7+ Rxf7 19. Nxf7 Bxf7 20. Rd7
Bg6 21. g4 0-1

[Event "IX Floripa Chess Open Fort Atacadista"]
[Site "Florianópolis - Santa Catari"]
[Date "2023.01.27"]
[Round "8.125"]
[White "Borsato, Ana Carolina Teodor"]
[Black "Calcada, Lucas Galvan"]
[Result "1/2-1/2"]
[WhiteElo "1832"]
[BlackElo "1638"]
[PlyCount "59"]
[EventDate "2023.01.23"]
[EventRounds "10"]
[EventCountry "BRA"]

1. e4 c5 2. d4 cxd4 3. c3 g6 4. cxd4 d5 5. e5 Bg7 6. Nf3 Bg4 7. Be2 Bxf3 8.
Bxf3 e6 9. O-O Nc6 10. Nc3 Nge7 11. Bg5 O-O 12. Qd2 Qd7 13. Bg4 Rac8 14. Rfe1
b6 15. Bf6 h5 16. Bh3 Kh7 17. Bxg7 Kxg7 18. Rad1 Ng8 19. Re3 Nh6 20. Rg3 Ne7
21. Qg5 Nef5 22. Bxf5 Nxf5 23. Rh3 Qe7 24. Qd2 Rc4 25. Ne2 Rfc8 26. Rc3 Qd7 27.
h3 Rxc3 28. bxc3 Rc4 29. Qg5 Qe7 30. Qd2 1/2-1/2

[Event "IX Floripa Chess Open Fort Atacadista"]
[Site "Florianópolis - Santa Catari"]
[Date "2023.01.27"]
[Round "8.126"]
[White "Vieira, Jose Renato Braga S"]
[Black "Lopes, Leonardo Borges"]
[Result "1/2-1/2"]
[WhiteElo "1828"]
[BlackElo "1635"]
[PlyCount "70"]
[EventDate "2023.01.23"]
[EventRounds "10"]
[EventCountry "BRA"]

1. e4 c5 2. Nf3 d6 3. d4 cxd4 4. Qxd4 Nc6 5. Bb5 Bd7 6. Bxc6 Bxc6 7. Nc3 Nf6 8.
Bg5 e6 9. O-O-O Be7 10. h4 Qc7 11. g4 b6 12. Qc4 O-O-O 13. Nd4 Kb7 14. f3 h6
15. Be3 d5 16. Qxc6+ Qxc6 17. Nxc6 Kxc6 18. exd5+ Nxd5 19. Nxd5 Rxd5 20. Rxd5
Kxd5 21. Rd1+ Kc6 22. h5 e5 23. c4 Rd8 24. Rxd8 Bxd8 25. Kc2 Be7 26. Kd3 Bc5
27. Bd2 Bd4 28. b4 b5 29. Bc3 bxc4+ 30. Kxc4 Bxc3 31. Kxc3 Kd5 32. a4 g6 33.
Kd3 gxh5 34. gxh5 f5 35. Kc3 e4 1/2-1/2

[Event "IX Floripa Chess Open Fort Atacadista"]
[Site "Florianópolis - Santa Catari"]
[Date "2023.01.27"]
[Round "8.127"]
[White "Resende, Lucas B. Massucato"]
[Black "Da Cruz, Emerson"]
[Result "1/2-1/2"]
[WhiteElo "1824"]
[BlackElo "1615"]
[PlyCount "78"]
[EventDate "2023.01.23"]
[EventRounds "10"]
[EventCountry "BRA"]

1. d4 Nf6 2. c4 e6 3. Nc3 b6 4. e4 Bb4 5. Bd3 Bb7 6. Qc2 c5 7. Nf3 cxd4 8. Nxd4
Bxc3+ 9. bxc3 d6 10. O-O Nbd7 11. Rd1 Nc5 12. f3 O-O 13. e5 Nxd3 14. Rxd3 Nd7
15. Nb5 Nxe5 16. Rxd6 Qh4 17. Be3 Nxc4 18. Qa4 Rfc8 19. Rd4 Qh5 20. Rxc4 Bc6
21. Rxc6 Rxc6 22. Rd1 h6 23. Qa6 Qe5 24. Bf2 h5 25. a4 Qe2 26. Re1 Qb2 27. Bd4
h4 28. h3 Qd2 29. Ra1 e5 30. Bf2 Rd8 31. Re1 Qa2 32. Qxa7 Rg6 33. Rf1 Qe6 34.
Kh1 Qc4 35. Rg1 Rd2 36. Qb8+ Kh7 37. Qxe5 Rxf2 38. Qd4 Rgxg2 39. Rxg2 Qf1+
1/2-1/2

[Event "IX Floripa Chess Open Fort Atacadista"]
[Site "Florianópolis - Santa Catari"]
[Date "2023.01.27"]
[Round "8.128"]
[White "Goetten Wagner, Julia"]
[Black "Nunes, Agatha Hurba"]
[Result "1-0"]
[WhiteElo "1631"]
[BlackElo "1823"]
[PlyCount "43"]
[EventDate "2023.01.23"]
[EventRounds "10"]
[EventCountry "BRA"]

1. e4 c5 2. Nf3 e6 3. d4 cxd4 4. Nxd4 a6 5. Bd3 Nf6 6. Nc3 Qc7 7. O-O Be7 8.
Nb3 O-O 9. f4 d6 10. Bd2 Nbd7 11. Qe1 b6 12. Qg3 Re8 13. Rae1 Nc5 14. Nxc5 bxc5
15. e5 Nh5 16. Qh3 g6 17. g4 Ng7 18. Ne4 Qd8 19. exd6 Bxd6 20. Bc3 Be7 21. Qh6
f6 22. Ng5 1-0

[Event "IX Floripa Chess Open Fort Atacadista"]
[Site "Florianópolis - Santa Catari"]
[Date "2023.01.27"]
[Round "8.129"]
[White "Godinho, Bruno Cesar Ferreir"]
[Black "Luz, Christian Oliveira"]
[Result "0-1"]
[WhiteElo "1819"]
[BlackElo "1594"]
[PlyCount "134"]
[EventDate "2023.01.23"]
[EventRounds "10"]
[EventCountry "BRA"]

1. c4 c6 2. d4 d5 3. cxd5 cxd5 4. Nc3 e6 5. Nf3 Nf6 6. Bf4 Bd6 7. Bg5 Nc6 8. e3
a6 9. Rc1 O-O 10. Bd3 Bd7 11. a4 Rc8 12. O-O h6 13. Bh4 Be7 14. Bb1 Nb4 15. Ne5
Be8 16. f4 Nd7 17. Bxe7 Qxe7 18. Rf3 Nb6 19. Rg3 f5 20. a5 Nc4 21. b3 Nxe5 22.
dxe5 Qd8 23. Ne2 Rxc1 24. Qxc1 Nc6 25. h3 Qxa5 26. Kh2 Bd7 27. Qd1 Be8 28. Nd4
Bf7 29. Nxe6 Bxe6 30. Qh5 Qc7 31. Qxh6 Qf7 32. Rg6 Ne7 33. Rg5 g6 34. Qh4 Kg7
35. Qg3 d4 36. exd4 Bxb3 37. h4 Bd5 38. Kg1 Rh8 39. Kh2 b5 40. Qe1 Rh5 41. Kg3
Rxg5+ 42. hxg5 Nc6 43. Qc3 b4 44. Qc5 a5 45. Bc2 b3 46. Bxb3 Bxb3 47. Qxc6 a4
48. Qd6 Be6 49. Qa6 Qd7 50. Kh2 Bd5 51. Qf6+ Kh7 52. Qf8 Bf7 53. Kg3 Qb7 54.
Kh2 Qb3 55. Kh1 a3 56. e6 Bxe6 57. Qh6+ Kg8 58. Qxg6+ Kf8 59. Qf6+ Ke8 60. Qh8+
Kd7 61. Qa8 a2 62. Qa7+ Kc6 63. Qc5+ Kb7 64. Qe7+ Ka6 65. Qd6+ Qb6 66. Qa3+ Kb7
67. Qe7+ Kb8 0-1

[Event "IX Floripa Chess Open Fort Atacadista"]
[Site "Florianópolis - Santa Catari"]
[Date "2023.01.27"]
[Round "8.130"]
[White "Dos Santos, Dwlyan Silva"]
[Black "Mauro, Roberto Da Silva"]
[Result "1/2-1/2"]
[WhiteElo "1810"]
[BlackElo "1590"]
[PlyCount "53"]
[EventDate "2023.01.23"]
[EventRounds "10"]
[EventCountry "BRA"]

1. e4 c5 2. Nf3 d6 3. d4 cxd4 4. Nxd4 a6 5. Nc3 e5 6. Nb3 Nf6 7. f3 Be6 8. Be3
Be7 9. Qd2 Nbd7 10. O-O-O O-O 11. g4 b5 12. Nd5 Bxd5 13. exd5 Nb6 14. Bxb6 Qxb6
15. Qa5 Qe3+ 16. Qd2 Nxd5 17. Kb1 Qxd2 18. Rxd2 Nf4 19. Nc1 f5 20. gxf5 Rxf5
21. Ne2 Rd8 22. c4 bxc4 23. Ng3 Rf6 24. Bxc4+ d5 25. Bb3 Kf8 26. Rc1 g6 27. a3
1/2-1/2

[Event "IX Floripa Chess Open Fort Atacadista"]
[Site "Florianópolis - Santa Catari"]
[Date "2023.01.27"]
[Round "8.131"]
[White "Dos Santos, Lucas Carvalho Ribe"]
[Black "Casalaspro, Mathias Andre"]
[Result "0-1"]
[WhiteElo "1619"]
[BlackElo "1806"]
[PlyCount "24"]
[EventDate "2023.01.23"]
[EventRounds "10"]
[EventCountry "BRA"]

1. e4 c6 2. d3 d5 3. Nd2 e5 4. Ngf3 Bd6 5. g3 Be6 6. Qe2 d4 7. Bg2 f6 8. O-O h5
9. h4 Nd7 10. c3 c5 11. Nc4 Be7 12. a4 Nh6 0-1

[Event "IX Floripa Chess Open Fort Atacadista"]
[Site "Florianópolis - Santa Catari"]
[Date "2023.01.27"]
[Round "8.132"]
[White "Amarilla Ettiene, Ezequiel"]
[Black "Tamayo, Jose Luis"]
[Result "1-0"]
[WhiteElo "1616"]
[BlackElo "1805"]
[PlyCount "91"]
[EventDate "2023.01.23"]
[EventRounds "10"]
[EventCountry "BRA"]

1. e4 e5 2. Nf3 Nc6 3. Bb5 a6 4. Ba4 Nf6 5. O-O b5 6. Bb3 Be7 7. Re1 O-O 8. Nc3
d5 9. exd5 Nxd5 10. Nxe5 Nxe5 11. Rxe5 c6 12. d4 Bd6 13. Re1 Qh4 14. g3 Qh3 15.
Re4 g5 16. Qf1 Qxf1+ 17. Kxf1 Bh3+ 18. Kg1 f5 19. Re1 f4 20. a3 Rae8 21. Ne4
Re6 22. Bd2 Rg6 23. c4 bxc4 24. Bxc4 Bc7 25. Rac1 Bb6 26. Bb4 Rf7 27. Bc5 Bxc5
28. dxc5 fxg3 29. hxg3 Bg4 30. Nd6 Rf8 31. Re5 Bf3 32. Rce1 Kh8 33. Re6 Rff6
34. Rxf6 Rxf6 35. Re8+ Kg7 36. Re5 Kg6 37. Bd3+ Kh5 38. Rf5 Rxf5 39. Bxf5 Nf6
40. Bd3 Nd7 41. b4 a5 42. Bf5 Nb8 43. bxa5 Na6 44. Be4 Be2 45. Nb7 Bb5 46. Bxh7
1-0

[Event "IX Floripa Chess Open Fort Atacadista"]
[Site "Florianópolis - Santa Catari"]
[Date "2023.01.27"]
[Round "8.133"]
[White "Casas, Nicolas"]
[Black "Lora, Miguel Said Brasil"]
[Result "1/2-1/2"]
[WhiteElo "1803"]
[BlackElo "1566"]
[PlyCount "51"]
[EventDate "2023.01.23"]
[EventRounds "10"]
[EventCountry "BRA"]

1. d4 d5 2. Nf3 Nf6 3. Bf4 Bf5 4. e3 e6 5. Bd3 Bg6 6. O-O Bd6 7. Ne5 Nc6 8. Bb5
Bxe5 9. Bxe5 O-O 10. Bxc6 bxc6 11. c4 dxc4 12. Qa4 Bd3 13. Re1 Qd7 14. Nd2 Rfb8
15. Nxc4 Bxc4 16. Qxc4 Rxb2 17. Bxf6 gxf6 18. Rac1 Rab8 19. Qxc6 Qxc6 20. Rxc6
Rxa2 21. Rcc1 Kg7 22. Ra1 Rxa1 23. Rxa1 a5 24. Kf1 Rb5 25. Rc1 a4 26. Rxc7
1/2-1/2

[Event "IX Floripa Chess Open Fort Atacadista"]
[Site "Florianópolis - Santa Catari"]
[Date "2023.01.27"]
[Round "8.134"]
[White "Teramoto, Anderson"]
[Black "Lazzarotti, Calebe Kadlubiski"]
[Result "0-1"]
[WhiteElo "1607"]
[BlackElo "1801"]
[PlyCount "64"]
[EventDate "2023.01.23"]
[EventRounds "10"]
[EventCountry "BRA"]

1. c4 e6 2. Nf3 d5 3. cxd5 exd5 4. d4 Nc6 5. g3 Bg4 6. Bg2 Nf6 7. Nc3 Qd7 8.
Ne5 Nxe5 9. dxe5 d4 10. exf6 dxc3 11. Qxd7+ Bxd7 12. bxc3 c6 13. fxg7 Bxg7 14.
Bb2 Ke7 15. h3 Be6 16. O-O Rhd8 17. Rfd1 Rxd1+ 18. Rxd1 Bxa2 19. Be4 h6 20. Bd3
Be6 21. h4 b5 22. Rd2 a5 23. f4 a4 24. c4 Bxb2 25. Rxb2 a3 26. Ra2 b4 27. Bc2
Bxc4 28. Ra1 b3 29. Bxb3 Bxb3 30. e4 a2 31. Kf2 Rd8 32. Ke2 c5 0-1

[Event "IX Floripa Chess Open Fort Atacadista"]
[Site "Florianópolis - Santa Catari"]
[Date "2023.01.27"]
[Round "8.135"]
[White "Campagnolo, Bruna"]
[Black "Pavao, Fabio Biasi"]
[Result "0-1"]
[WhiteElo "1607"]
[BlackElo "1799"]
[PlyCount "94"]
[EventDate "2023.01.23"]
[EventRounds "10"]
[EventCountry "BRA"]

1. e4 c5 2. Nf3 Nc6 3. d4 cxd4 4. Nxd4 Nf6 5. Nc3 g6 6. Be2 Bg7 7. Be3 O-O 8.
O-O d5 9. exd5 Nxd5 10. Nxd5 Nxd4 11. Bxd4 Qxd5 12. Bxg7 Qxd1 13. Raxd1 Kxg7
14. Bf3 Be6 15. Bd5 Bxd5 16. Rxd5 Rfd8 17. Rfd1 Rxd5 18. Rxd5 Rc8 19. c3 Rc6
20. Rd7 Rb6 21. b3 Kf6 22. Kf1 Ke6 23. Rd2 Rd6 24. Ke2 f5 25. f4 Rxd2+ 26. Kxd2
Kd6 27. Ke3 e5 28. g3 e4 29. Kd4 Kc6 30. g4 a6 31. g5 Kb6 32. Kc4 Kc6 33. a4
Kc7 34. Kd4 Kd6 35. Kc4 b6 36. Kd4 b5 37. axb5 axb5 38. c4 bxc4 39. bxc4 Kd7
40. c5 Kc7 41. Kc4 Kc6 42. Kb4 e3 43. Kc3 e2 44. Kd2 Kxc5 45. Kxe2 Kd4 46. Kf3
Kd3 47. h3 Kd4 0-1

[Event "IX Floripa Chess Open Fort Atacadista"]
[Site "Florianópolis - Santa Catari"]
[Date "2023.01.27"]
[Round "8.136"]
[White "Butzke, Lucas De Castro"]
[Black "Panazzolo, Paulo Victor"]
[Result "0-1"]
[WhiteElo "1564"]
[BlackElo "1788"]
[PlyCount "54"]
[EventDate "2023.01.23"]
[EventRounds "10"]
[EventCountry "BRA"]

1. e4 e5 2. Nf3 Nc6 3. Bc4 Nf6 4. d3 Be7 5. c3 O-O 6. O-O d6 7. Bb3 Be6 8. Bc2
d5 9. exd5 Nxd5 10. Re1 Bd6 11. Nbd2 Nf4 12. Ne4 Ng6 13. Nxd6 Qxd6 14. h3 Rad8
15. Be3 Bf5 16. d4 exd4 17. Nxd4 Nxd4 18. Bxd4 Bxc2 19. Qxc2 c5 20. Be3 Qc6 21.
Rad1 Nh4 22. f3 Rxd1 23. Rxd1 Re8 24. Qf2 g6 25. Bxc5 b6 26. Qxh4 Qxc5+ 27. Qd4
Rd8 0-1

[Event "IX Floripa Chess Open Fort Atacadista"]
[Site "Florianópolis - Santa Catari"]
[Date "2023.01.27"]
[Round "8.137"]
[White "Encina, Adrian Andres"]
[Black "Malanowski, Lara Carolina"]
[Result "1-0"]
[WhiteElo "1787"]
[BlackElo "1544"]
[PlyCount "101"]
[EventDate "2023.01.23"]
[EventRounds "10"]
[EventCountry "BRA"]

1. e4 c5 2. Nf3 d6 3. d4 cxd4 4. Nxd4 Nf6 5. Nc3 g6 6. Be3 Bg7 7. f3 O-O 8. Qd2
Nc6 9. g4 Ne5 10. g5 Nh5 11. O-O-O Bd7 12. Be2 b5 13. Ndxb5 Bxb5 14. Nxb5 Qb8
15. f4 Ng4 16. Bxg4 Qxb5 17. Bd4 e5 18. fxe5 dxe5 19. Bc3 Nf4 20. Bd7 Qc4 21.
Rhe1 Qxa2 22. b3 Rfd8 23. Qd6 Bf8 24. Qc6 Qa3+ 25. Bb2 Qa5 26. Qb5 Qxb5 27.
Bxb5 Bb4 28. Rxd8+ Rxd8 29. Rd1 Rxd1+ 30. Kxd1 Bd6 31. c3 Nh3 32. Kd2 Nxg5 33.
Bc6 Ne6 34. Kd3 Nc5+ 35. Kc4 f5 36. exf5 gxf5 37. Kd5 Bf8 38. Kc4 e4 39. Bc1
Nd3 40. Bd5+ Kg7 41. Be3 a5 42. Bb6 Nf4 43. Bc6 Ne6 44. Bxa5 e3 45. Bf3 Ng5 46.
Bd1 f4 47. Bb6 Kf6 48. Bg4 Ke5 49. Kd3 Ne4 50. Bd4+ Kd6 51. Kxe4 1-0

[Event "IX Floripa Chess Open Fort Atacadista"]
[Site "Florianópolis - Santa Catari"]
[Date "2023.01.27"]
[Round "8.138"]
[White "Barbosa, Kassio Rodrigo"]
[Black "Bezerra, Wiltemberg Barros"]
[Result "0-1"]
[WhiteElo "1540"]
[BlackElo "1786"]
[PlyCount "90"]
[EventDate "2023.01.23"]
[EventRounds "10"]
[EventCountry "BRA"]

1. e4 Nf6 2. e5 Nd5 3. c4 Nb6 4. Nf3 d6 5. d4 Nc6 6. Be2 Bg4 7. exd6 exd6 8.
O-O Be7 9. d5 Bxf3 10. dxc6 Bxc6 11. b3 Bf6 12. Nc3 Bxc3 13. Rb1 O-O 14. Qc2
Bf6 15. Be3 Re8 16. Rbd1 Qe7 17. Bd3 Be4 18. Rfe1 Bxd3 19. Qxd3 Qe4 20. Qd2 Qg6
21. g3 h5 22. Re2 Re7 23. Rde1 Rae8 24. Kg2 h4 25. f3 Nc8 26. g4 Kf8 27. h3 c5
28. f4 Qe4+ 29. Kg1 Bd4 30. Bxd4 Qxd4+ 31. Qxd4 cxd4 32. Kf2 Rxe2+ 33. Rxe2
Rxe2+ 34. Kxe2 Ne7 35. Kd3 Nc6 36. a3 a5 37. Ke4 Ke7 38. Kd3 Ke6 39. Ke4 f5+
40. gxf5+ Kf6 41. b4 axb4 42. axb4 Nxb4 43. Kxd4 Kxf5 44. Ke3 Nc6 45. Kf3 Na5
0-1

[Event "IX Floripa Chess Open Fort Atacadista"]
[Site "Florianópolis - Santa Catari"]
[Date "2023.01.27"]
[Round "8.139"]
[White "Monauer, Caique"]
[Black "Moro, Antonio Renato Pere"]
[Result "1/2-1/2"]
[WhiteElo "1533"]
[BlackElo "1770"]
[PlyCount "78"]
[EventDate "2023.01.23"]
[EventRounds "10"]
[EventCountry "BRA"]

1. c4 e5 2. g3 Bc5 3. Bg2 Nc6 4. Nc3 Nf6 5. Nf3 O-O 6. O-O d6 7. a3 a5 8. e3
Bg4 9. h3 Bd7 10. d4 exd4 11. exd4 Bb6 12. Be3 Ne7 13. b4 axb4 14. axb4 Rxa1
15. Qxa1 c6 16. Bf4 Be6 17. c5 Bc7 18. Qa7 Bc4 19. Re1 Ba6 20. cxd6 Bxd6 21.
Bxd6 Qxd6 22. Qc5 Qxc5 23. bxc5 Nfd5 24. Nxd5 Nxd5 25. Ne5 Nc3 26. Bf1 Bxf1 27.
Kxf1 Rd8 28. Nf3 Kf8 29. Re3 Nb5 30. Rd3 f6 31. Ke2 Ke7 32. Re3+ Kf7 33. Rb3
Rd7 34. Kd3 Ke7 35. Kc4 Na7 36. Kb4 Kd8 37. Ka5 Kc7 38. Re3 Nc8 39. Re8 Re7
1/2-1/2